000 00594nam a2200217 a 4500
005 20240320063655.0
008 991125c1993 bar 000 0 spa u
020 _a8447301591
035 _aUPN01000046112
049 _aCG
050 4 _aPS3570 U7.6
_bP7
100 1 _aTurow, Scott,
_d1949-
245 1 0 _aPresunto inocente /
_cScott Turow ; tr. Javier Sainz de Robles
260 _aBarcelona, Esp. :
_bRBA,
_c1993
300 _a413 p
440 0 _aGrandes éxitos;
_v10
650 4 _aNovela estadounidense
_94462
902 _aMV MARTHA VALENCIA
904 _aAC
_b046114
905 _aLibro
999 _c46112
_d46112